000 00194nam a2200109Ia 4500
100 _a#N/A
942 _cBK
245 _aLinux Distros 600M
260 _b#N/A
546 _aENGLISH
999 _c21345
_d21345